000 00531nam a2200217Ia 4500
003 OSt
005 20220928144703.0
006 a|||||r|||| 00| 0
007 ta
008 220927b |||||||| |||| 00| 0 eng d
024 _a73093
037 _cTextual
040 _aSDCL
_cSDCL
_beng
041 _2eng
_aeng
082 _aG:4240bX9, K8
100 _aCasida L E
_9509126
245 0 _aIndustrial microbiology.
260 _c1968
942 _hG:4240bX9, K8
_cTEXL
_2CC
999 _c829000
_d829000